Every 100K+ City I Have Been To On A Map - Statistics

General Stats
  • This quiz has been taken 57 times
  • The average score is 19 of 24
Answers on the Map
Answers color-coded by a green-red scale on the quiz's map according to % correct below.
 
Answer Stats
City Country % Correct
Tokyo Japan
98%
Dallas United States
96%
Atlanta United States
93%
Boston United States
93%
Houston United States
93%
Montreal Canada
93%
New York City United States
93%
Orlando United States
93%
Austin United States
91%
Toronto Canada
91%
Charlotte United States
89%
Washington, D.C. United States
89%
Philadelphia United States
87%
Cleveland United States
82%
Baltimore United States
80%
San Antonio United States
80%
Hiroshima Japan
78%
Kyoto Japan
71%
Virginia Beach United States
71%
Fort Worth United States
67%
Fort Lauderdale United States
53%
Alexandria United States
31%
Arlington United States
29%
Norfolk United States
29%
No matching quizzes found
Score Distribution
Percent of People with Each Score
Percentile by Number Answered
Your Score History
You have not taken this quiz